| 000 | 00928cam a22002651 4500 | ||
|---|---|---|---|
| 001 | sa 65009285 | ||
| 003 | DLC | ||
| 005 | 20260227112200.0 | ||
| 008 | 800701s1960 ii b b 000 0 eng | ||
| 010 | _asa 65009285 | ||
| 025 | _aPL480:I-E-4374 | ||
| 035 | _a(OCoLC)6475215 | ||
| 040 |
_aDLC _cNIC _dOCoLC _dDLC |
||
| 042 | _apremarc | ||
| 050 | 0 | 0 |
_aQK609.I5 _bB8 1960 |
| 100 | 1 |
_aButler, E. J. _q(Edwin John), _d1874-1943. |
|
| 245 | 1 | 4 |
_aThe fungi of India, _cby E.J. Butler and G.R. Bisby. Rev. by R.S. Vasudeva. Issued by the Indian Council of Agricultural Research, New Delhi. |
| 260 |
_a[Delhi, _bManager of Publications, _c1960] |
||
| 300 |
_aix, 552 p. _bmap. _c26 cm. |
||
| 504 | _aBibliography: p. 280-370. | ||
| 650 | 0 |
_aFungi _zIndia. |
|
| 700 | 1 |
_aBisby, Guy Richard, _d1889-1958, _ejoint author. |
|
| 700 | 1 |
_aVasudeva, R. S. _q(Raghu Sahai), _d1905- _eed. |
|
| 710 | 2 | _aIndian Council of Agricultural Research. | |
| 999 |
_c66117 _d66117 |
||